| 000 | nam a22 a 4500 | ||
|---|---|---|---|
| 999 |
_c159018 _d159018 |
||
| 003 | BLK | ||
| 005 | 20201020135818.0 | ||
| 008 | 180410b bul|||||r ||||||| ||bul|| | ||
| 010 | _aKNG00166077000 | ||
| 040 | _aBLK | ||
| 041 |
_aRUS _cRUS |
||
| 072 | 7 |
_2bullib _aЦ _xРедки и ценни |
|
| 080 |
_aПедагогическа психология _b37.015.3 _z37.015.3 |
||
| 100 | 1 |
_aКаптерев, Петр Федорович _eпърви автор _9334331 |
|
| 139 |
_aКаптерев, Петр Федорович _bК 26 |
||
| 245 | 1 | 0 |
_aПедагогическая психология _cПетр Федорович Каптерев. _nЧ. 1 |
| 257 | _aRUS | ||
| 260 |
_bГубернская типогр. _c1883 - _aС.-Петербург |
||
| 300 |
_c24 см _a431 с. |
||
| 380 | _a3 | ||
| 490 |
_9435080 _aКолекция Редки и ценни издания |
||
| 500 | _aБиблиогр. под линия. | ||
| 650 | 4 |
_aДетска и педагогическа психология _9244538 |
|
| 653 | _aпедагогическа психология | ||
| 659 | _aЦ | ||
| 760 | 1 |
_aКаптерев, Петр Федорович _d1883 _h430 с. _tЧ. 1 |
|
| 852 |
_aРр 883 _bРц |
||
| 856 | 4 | _qpdf | |
| 942 |
_cKNG _n0 _s1 |
||
| 944 |
_aCR _c15.10.2014 _kНаталия_Медовщикова |
||
| 944 |
_aED _c2020-10-20 |
||
| 999 | _d159018 | ||